000 00319nam a22001337a 4500
003 OSt
008 150418b xxu||||| |||| 00| 0 eng d
100 1 _aThomas, Shipley
041 _aeng
050 0 0 _aD570 .T5
245 1 0 _aThe History of the A.E.F.
260 _aNew York, NY
_bGeorge H. Doran Company
300 _a0 pages
999 _c1220
_d1220